Prealgebra
Wedi'i Gadw mewn:
| Prif Awdur: | |
|---|---|
| Fformat: | Llyfr |
| Iaith: | Undetermined |
| Cyhoeddwyd: |
London / New York
Pearson Education
2006
|
| Pynciau: | |
| Tagiau: |
Ychwanegu Tag
Dim Tagiau, Byddwch y cyntaf i dagio'r cofnod hwn!
|
| Thư viện lưu trữ: | Trung tâm Học liệu Trường Đại học Cần Thơ |
|---|
| LEADER | 00502nam a2200193Ia 4500 | ||
|---|---|---|---|
| 001 | CTU_117431 | ||
| 008 | 210402s9999 xx 000 0 und d | ||
| 020 | |c 71.23 | ||
| 082 | |a 513.12 | ||
| 082 | |b L693 | ||
| 100 | |a Lial, Margaret L. | ||
| 245 | 0 | |a Prealgebra | |
| 245 | 0 | |c Margaret L. Lial, Diana L. Hestwood | |
| 260 | |a London / New York | ||
| 260 | |b Pearson Education | ||
| 260 | |c 2006 | ||
| 650 | |a Mathematics | ||
| 904 | |i Truc | ||
| 980 | |a Trung tâm Học liệu Trường Đại học Cần Thơ | ||